| 000 | 00000nas 2200000zi 4500 |
| 001 | 9.931271 |
| 003 | CaOODSP |
| 005 | 20231215134707 |
| 006 | m o d f |
| 007 | cr cn |||||||| |
| 008 | 231208d20142022qucar p o f0### 0fre d |
| 040 | |aCaOODSP|bfre|erda|cCaOODSP |
| 043 | |an-cn--- |
| 086 | 1 |aNM21-6F-PDF |
| 110 | 2 |aMusée canadien de l'histoire.|eauteur, |eorganisme de publication. |
| 245 | 10|aInfo source : |bsources de renseignements du gouvernement fédéral et sur les fonctionnaires fédéraux ... |
| 246 | 30|aSources de renseignements du gouvernement fédéral et sur les fonctionnaires fédéraux |
| 264 | 1|aGatineau (Québec) : |bMusée canadien de l'histoire, |c[2014-2022] |
| 310 | |aAnnuel |
| 336 | |atexte|btxt|2rdacontent/fre |
| 337 | |ainformatique|bc|2rdamedia/fre |
| 338 | |aressource en ligne|bcr|2rdacarrier/fre |
| 362 | 1 |aParaît depuis : 2014; ne paraît plus après : 2022. |
| 500 | |aPublié aussi en anglais sous le titre : Info source : sources of federal government and employee information ... |
| 550 | |aCo-publié par : Musée canadien de la guerre. |
| 588 | |aDescription d'après : 2014; titre de la page couverture du fichier PDF. |
| 588 | |aDernière livraison consultée : 2022. |
| 610 | 26|aMusée canadien de l'histoire|vPériodiques. |
| 610 | 26|aMusée canadien de la guerre|vPériodiques. |
| 650 | 6|aInformation sur l'État|zCanada|vPériodiques. |
| 650 | 6|aArchives publiques|xAccès|xContrôle|zCanada|vPériodiques. |
| 655 | 7|aPériodiques|2rvmgf |
| 710 | 2 |aMusée canadien de la guerre, |eauteur, |eorganisme de publication. |
| 775 | 08|tInfo source : |w(CaOODSP)9.931272 |
| 785 | 00|tRenseignements sur les programmes et les fonds de renseignements : |w(CaOODSP)9.931284 |